000 00398nam a2200181Ia 4500
008 240510s9999 xx 000 0 und d
020 _a0009555733694
041 _aEng
082 _a800
082 _bR14
100 _aRAJAKARUNANAYAKE,S. : Trans:FERNANDO;V.
245 0 _aChameleon
260 _bNugegoda:Sarasavi
260 _c2005
300 _a209 p.
942 _2ddc
942 _cLBK
999 _c28679
_d28679
945 _a1
_bMadushi Gamage
_c1
_dMadushi Gamage